| Tag |
First Indicator |
Second Indicator |
Subfields |
| LEADER |
00000cam a2200000 a 4500 |
| 001 |
in00001398430 |
| 005 |
20151020051840.0 |
| 008 |
970318s1997 kyu b 001 0 eng |
| 010 |
|
|
|a 97008356
|
| 020 |
|
|
|a 0664219411 (alk. paper)
|
| 035 |
|
|
|a (OCoLC)36656390
|
| 035 |
|
|
|9 AHM1258AM
|
| 040 |
|
|
|a DLC
|c DLC
|d TXA
|d UtOrBLW
|
| 049 |
|
|
|a TXAM
|
| 050 |
0 |
0 |
|a BS1295.3
|b .N45 1997
|
| 082 |
0 |
0 |
|a 222/.207
|2 21
|
| 100 |
1 |
|
|a Nelson, Richard D.
|q (Richard Donald),
|d 1945-
|
| 245 |
1 |
0 |
|a Joshua :
|b a commentary /
|c Richard D. Nelson.
|
| 250 |
|
|
|a 1st ed.
|
| 264 |
|
1 |
|a Louisville, Ky. :
|b Westminster John Knox Press,
|c [1997]
|
| 264 |
|
4 |
|c ©1997
|
| 300 |
|
|
|a xviii, 310 pages ;
|c 23 cm.
|
| 336 |
|
|
|a text
|b txt
|2 rdacontent
|
| 337 |
|
|
|a unmediated
|b n
|2 rdamedia
|
| 338 |
|
|
|a volume
|b nc
|2 rdacarrier
|
| 490 |
1 |
|
|a The Old Testament library
|
| 504 |
|
|
|a Includes bibliographical references and indexes.
|
| 630 |
0 |
0 |
|a Bible.
|p Joshua
|x Commentaries.
|
| 830 |
|
0 |
|a Old Testament library.
|
| 999 |
|
|
|a MARS
|
| 999 |
f |
f |
|s 3eeaca4f-e91d-3a53-b323-3b9f1ba29a80
|i c5f21b76-67de-33af-87d3-705fc2c7bfaa
|t 0
|
| 952 |
f |
f |
|p ric
|a Texas A&M University
|b Rellis Campus
|c Joint Library Facility
|d Remote Storage
|t 0
|e BS1295.3 .N45 1997
|h Library of Congress classification
|i unmediated -- volume
|m A14821639756
|
| 998 |
f |
f |
|a BS1295.3 .N45 1997
|t 0
|l Remote Storage
|